[Event "La Felguera Social Casino la Fel"]
[Site "La Felguera"]
[Date "2019.06.02"]
[Round "3"]
[White "Antuna Palacio, Jaime"]
[Black "Antuna Fernandez, Enol"]
[Result "0-1"]
[WhiteElo "1366"]
[BlackElo "1104"]
[PlyCount "70"]
[EventDate "2019.05.19"]
[EventType "tourn"]
[EventRounds "7"]
[EventCountry "ESP"]
[SourceTitle "EXT 2024"]
[Source "ChessBase"]
[SourceDate "2023.10.10"]
[SourceVersion "1"]
[SourceVersionDate "2023.10.10"]
[SourceQuality "1"]

1. e4 d5 2. d4 dxe4 3. Nc3 e3 4. fxe3 Nc6 5. Nge2 Be6 6. Qd3 Nf6 7. Bd2 Bg4 8. Nc1 e6 9. Be2 Bf5 10. Qc4 Bxc2 11. Bd3 Bxd3 12. Qxd3 Bd6 13. Nb3 0-0 14. 0-0-0 Ng4 15. Be1 e5 16. h3 Nf6 17. Bh4 exd4 18. exd4 Nb4 19. Qc4 Bf4+ 20. Nd2 Nbd5 21. Rhe1 Nb6 22. Qb3 Qd7 23. Qb4 Rfe8 24. Bxf6 Bd6 25. Qb5 Rxe1 26. Rxe1 Bg3 27. Re7 Qd6 28. Nde4 Qf4+ 29. Kc2 c6 30. Qg5 g6 31. Qxg3 Qf5 32. Qh4 Nd5 33. Re5 Ne3+ 34. Kb3 Qf1 35. Qh6 Qc4+ 0-1

[Event "La Felguera Social Casino la Fel"]
[Site "La Felguera"]
[Date "2019.05.19"]
[Round "1"]
[White "Gonzalez Florez, Celia"]
[Black "Antuna Fernandez, Enol"]
[Result "0-1"]
[WhiteElo "1204"]
[BlackElo "1104"]
[PlyCount "96"]
[EventDate "2019.05.19"]
[EventType "tourn"]
[EventRounds "7"]
[EventCountry "ESP"]
[SourceTitle "EXT 2024"]
[Source "ChessBase"]
[SourceDate "2023.10.10"]
[SourceVersion "1"]
[SourceVersionDate "2023.10.10"]
[SourceQuality "1"]

1. e4 d5 2. d3 Nc6 3. Nc3 Be6 4. Bf4 Nf6 5. f3 dxe4 6. fxe4 Bg4 7. Be2 Bd7 8. Nf3 e6 9. 0-0 Bc5+ 10. d4 Bb4 11. Qd2 0-0 12. e5 Ne4 13. Qd3 Nxc3 14. bxc3 Qe7 15. cxb4 Nxb4 16. Qe4 Rab8 17. Ng5 g6 18. c3 Bc6 19. Qb1 Nd5 20. c4 Nxf4 21. Rxf4 Qxg5 22. g3 Rbd8 23. Qb4 Rxd4 24. Rxd4 Qe3+ 25. Kf1 Qxd4 26. Rd1 Qxe5 27. Rd3 Qa1+ 28. Qe1 Qf6+ 29. Qf2 Qa1+ 30. Qe1 Bg2+ 31. Kf2 Qxa2 32. Kxg2 Qxc4 33. Qd2 Qc6+ 34. Bf3 Qc5 35. Bxb7 a5 36. Rd8 a4 37. Rd7 a3 38. Qd3 a2 39. Qd1 Qa3 40. Qa1 e5 41. Rd2 Qc5 42. Rxa2 Rd8 43. Ra8 Qc2+ 44. Kh3 Qf5+ 45. Kg2 Qc2+ 46. Kh1 Qd3 47. Qe1 f6 48. Qa5 Qf1# 0-1